[Event "ch-Europe Internet Blitz"]
[Site "playchess.com INT"]
[Date "2003.11.09"]
[Round "2.3"]
[White "Soloviov,S"]
[Black "Nunn,J"]
[Result "1-0"]
[WhiteElo "2422"]
[BlackElo "2617"]

1.e4 c5 2.Nf3 Nc6 3.Bb5 g6 4.Bxc6 bxc6 5.O-O Bg7 6.e5 f6 7.Re1 fxe5 8.Nxe5 Nf6
9.Nc3 O-O 10.d4 cxd4 11.Qxd4 Bb7 12.Bg5 d5 13.Rad1 Qb6 14.Qh4 Qxb2 15.Rd3 Qxc2
16.Re2 Qxe2 17.Nxe2 Ne4 18.Rh3 h5 19.Nxg6  1-0

[Event "ch-Europe Internet Blitz"]
[Site "playchess.com INT"]
[Date "2003.11.09"]
[Round "2.2"]
[White "Nunn,J"]
[Black "Soloviov,S"]
[Result "1/2-1/2"]
[WhiteElo "2617"]
[BlackElo "2422"]

1.e4 g6 2.d4 Bg7 3.Nc3 d6 4.Nf3 a6 5.Bd3 b5 6.O-O Nd7 7.Re1 c5 8.d5 Ngf6
9.a4 b4 10.Nb1 O-O 11.Nbd2 e6 12.dxe6 fxe6 13.e5 dxe5 14.a5 Bb7 15.Qe2 Nd5
16.Ne4 Nf4 17.Bxf4 Rxf4 18.g3 Rf5 19.Nfd2 Rf8 20.Nc4 Bd5 21.Rad1 Qc7 22.Ng5 h6
23.Ne4 Kh7 24.h4 Nf6 25.Nxf6+ Rxf6 26.h5 Raf8 27.Bxg6+ Kh8 28.Rf1 Bf3 29.Qd2 Bxd1
30.Qxd1 Rd8 31.Qe2 Rd4 32.Nxe5 Rd5 33.f4 c4 34.Nxc4 Qc5+ 35.Kg2 Rd4 36.Ne5 Qxa5
37.Bd3 Qc5 38.Kh3 Rd5 39.Qe4 Kg8 40.Qh7+ Kf8 41.Ng6+ Kf7 42.Nh8+ Kf8 43.Ng6+ Kf7
44.Nh8+ Kf8 45.Ng6+  1/2-1/2

[Event "ch-Europe Internet Blitz"]
[Site "playchess.com INT"]
[Date "2003.11.09"]
[Round "2.4"]
[White "Nunn,J"]
[Black "Soloviov,S"]
[Result "1-0"]
[WhiteElo "2617"]
[BlackElo "2422"]

1.e4 g6 2.d4 Bg7 3.c3 d5 4.Nd2 dxe4 5.Nxe4 Nd7 6.Nf3 Ngf6 7.Nxf6+ Nxf6 8.Bc4 O-O
9.O-O a6 10.a4 Ne4 11.Re1 Nd6 12.Bb3 Bf5 13.Bg5 Re8 14.Ne5 h6 15.Bf4 g5 16.Bg3 e6
17.Qf3 Rc8 18.Rad1 Qf6 19.Ng4 Qg6 20.Ne5 Qf6 21.h3 Red8 22.d5 exd5 23.Bxd5 Bc2
24.Qxf6 Bxf6 25.Rd4 Bg7 26.a5 Kf8 27.Rd2 Nf5 28.Bxb7 Rxd2 29.Bxc8 Nxg3 30.fxg3 Rd5
31.Nd7+ Kg8 32.Re8+ Kh7 33.Nf8+ Bxf8 34.Rxf8 Kg7 35.Re8 Rxa5 36.Re7 c5 37.Ra7 Bd3
38.Be6 Bg6 39.Bc4 Ra1+ 40.Kh2 Rb1 41.b3 Rb2 42.Bd5 Rd2 43.c4 Ra2 44.Rc7 Ra5
45.g4 Kf6 46.Kg3 Ra3 47.Rb7 a5 48.Kf2 Ke5 49.Bxf7 Bxf7 50.Rxf7 Rxb3 51.Ra7 Ra3
52.Ra6 a4 53.Rxh6 Rc3 54.Rg6 a3 55.Rxg5+ Kd4 56.Rg8 Rxc4 57.Ra8 Rc2+ 58.Kf3 a2
59.g5 Ke5 60.h4 Kf5 61.g4+ Ke5 62.h5 Rc3+ 63.Ke2 Kf4 64.g6 Rg3 65.g7 Rxg4
66.Ra4+ Kf5 67.Rxg4 a1=Q 68.g8=Q Qb2+ 69.Kf1 Qc1+ 70.Kg2 Qd2+ 71.Kh1 Qe1+
72.Rg1 Qh4+ 73.Kg2 Qe4+ 74.Kh3 Qf3+ 75.Qg3 Qxh5+ 76.Kg2 Ke6 77.Re1+ Kd7 78.Qd3+ Kc7
79.Re7+ Kb8 80.Qd8+  1-0

[Event "ch-Europe Internet Blitz"]
[Site "playchess.com INT"]
[Date "2003.11.09"]
[Round "2.1"]
[White "Soloviov,S"]
[Black "Nunn,J"]
[Result "0-1"]
[WhiteElo "2422"]
[BlackElo "2617"]

1.e4 c5 2.Nf3 Nc6 3.Bb5 g6 4.Bxc6 bxc6 5.O-O Bg7 6.e5 f6 7.Re1 fxe5 8.Nxe5 Nf6
9.Nc3 O-O 10.d4 cxd4 11.Qxd4 Qb6 12.Qxb6 axb6 13.Nc4 b5 14.Nb6 Ra6 15.Nxc8 Rxc8
16.Rxe7 b4 17.Nd1 Rca8 18.a3 bxa3 19.Rxa3 Rxa3 20.bxa3 Bf8 21.Re3 Bc5 22.Rb3 Ne4
23.Ne3 d5 24.f3 Nd6 25.Kf1 Nb5 26.Nxd5 Nxa3 27.Nc7 Ra7 28.Ne6 Be7 29.Bxa3 Bxa3
30.Nd4 Bd6 31.Nxc6 Ra1+ 32.Kf2 Bxh2 33.g3 Rc1 34.Ra3 Rxc2+ 35.Kf1 Rxc6 36.f4 Rc2
37.Rd3 h5 38.Rb3 Kg7 39.Rf3 Kh6 40.Rb3 h4 41.gxh4 Bxf4 42.Rb4 Bd6 43.Rb6 Be7  0-1

[Event "ch-Europe Internet Blitz"]
[Site "playchess.com INT"]
[Date "2003.11.09"]
[Round "3.3"]
[White "Adams,Mi"]
[Black "Nunn,J"]
[Result "1-0"]
[WhiteElo "2725"]
[BlackElo "2617"]

1.e4 c5 2.Nf3 d6 3.d4 cxd4 4.Nxd4 Nf6 5.Nc3 a6 6.g3 e5 7.Nb3 Be7 8.Bg2 O-O
9.O-O Nbd7 10.a4 b6 11.Nd2 Qc7 12.Qe2 Bb7 13.Nc4 Bc6 14.Ne3 Nc5 15.Nf5 Rfe8
16.Rd1 Rad8 17.Bg5 Ne6 18.Nxe7+ Qxe7 19.Bxf6 Qxf6 20.Qxa6 Nd4 21.Qd3 Qh6
22.Ne2 d5 23.Nxd4 dxe4 24.Nf5 Qf6 25.Qc4  1-0

[Event "Masters"]
[Site "Bunratty IRL"]
[Date "2006.02.17"]
[Round "1"]
[White "Nunn,J"]
[Black "Van Dijk,B"]
[Result "1-0"]
[WhiteElo "2617"]
[BlackElo "2200"]

1.e4 c6 2.d4 d5 3.e5 g6 4.h4 h5 5.Nh3 Bf5 6.Bd3 Bxd3 7.Qxd3 e6 8.Bg5 Be7
9.Nd2 Nh6 10.Nf1 c5 11.dxc5 Nc6 12.O-O-O Ng4 13.f4 Qa5 14.Bxe7 Nxe7 15.Kb1 Qxc5
16.Nd2 Rc8 17.Nb3 Qc4 18.Nd4 O-O 19.Rhe1 a6 20.Ng5 Qxd3 21.Rxd3 Nc6 22.Ngf3 Nxd4
23.Nxd4 Rc4 24.b3 Rc7 25.a4 Nf2 26.Rde3 Rfc8 27.Kb2 Ng4 28.Rg3 Kf8 29.c3 Ke7
30.Re2 Kf8 31.Rd2 Ke7 32.Rf3 Kf8 33.Nc2 Nh6 34.Nd4 Ke7 35.Rd1 Kf8 36.Ra1 Ke7
37.a5 Rg8 38.Rg3 Rcc8 39.Ra4 Nf5 40.Nxf5+ gxf5 41.Rg5 Rxg5 42.hxg5 h4 43.Rb4 Rc7
44.Rd4 Kf8 45.Rd3 Kg7 46.Rh3 Rc5 47.b4 Rc4 48.Rxh4 d4 49.cxd4 Rxb4+ 50.Kc3 Rb5
51.Rh1 Rxa5 52.Kc4 Rd5 53.Ra1 Kg6 54.g3 Kh5 55.Rh1+ Kg4 56.Rh7  1-0

[Event "Masters"]
[Site "Bunratty IRL"]
[Date "2006.02.18"]
[Round "2"]
[White "Heidenfeld,M"]
[Black "Nunn,J"]
[Result "0-1"]
[WhiteElo "2365"]
[BlackElo "2617"]

1.e4 c5 2.Nf3 d6 3.d4 Nf6 4.Nc3 cxd4 5.Nxd4 a6 6.Be2 e5 7.Nf3 Be7 8.O-O O-O
9.Re1 h6 10.h3 Be6 11.Bf1 Nbd7 12.a4 Rc8 13.Re3 Nb6 14.Qe1 Nc4 15.Rd3 Qc7
16.b3 Nb6 17.Ba3 Rfd8 18.Rad1 Nbd7 19.Bb2 Bf8 20.R3d2 Nc5 21.Qe3 Qa5 22.Nxe5 dxe5
23.Rxd8 Rxd8 24.b4 Qc7 25.Rxd8 Qxd8 26.bxc5 Nd7 27.c6 bxc6 28.Bxa6 Bc5 29.Qe2 Qg5
30.Kh1 Nf6 31.Nd1 Qf4 32.Bd3 h5 33.Qf3 Qd2 34.Bxe5 Ng4 35.hxg4 Bxg4 36.Bc3 Qc1
37.Bb2 Qb1 38.c4 Bxf3 39.Bxb1 Bxd1 40.a5 Bxf2 41.e5 Be2 42.Be4 Bxc4 43.Bxc6 Be1
44.Bf3 g6 45.g4 h4 46.Kg2 Bxa5 47.Bc1 Be1 48.Bg5 Kf8 49.Kh3 Bf1+ 50.Bg2 Bxg2+
51.Kxg2 Ke8 52.Kh3 Kd7 53.Bf6 Ke6 54.Kg2  0-1

[Event "Masters"]
[Site "Bunratty IRL"]
[Date "2006.02.18"]
[Round "3"]
[White "Nunn,J"]
[Black "Jones,G"]
[Result "1-0"]
[WhiteElo "2617"]
[BlackElo "2418"]

1.e4 c5 2.Nf3 d6 3.d4 cxd4 4.Nxd4 Nf6 5.Nc3 g6 6.g3 Bg4 7.f3 Bd7 8.Be3 Bg7
9.Qd2 Nc6 10.O-O-O h5 11.h3 a6 12.Kb1 b5 13.Be2 Ne5 14.g4 Nc4 15.Bxc4 bxc4
16.f4 hxg4 17.e5 gxh3 18.exf6 Bxf6 19.Nd5 Bg7 20.f5 gxf5 21.Rdg1 Kf8 22.Rxh3 Rxh3
23.Qg2 Rh7 24.Bh6 Ke8 25.Bxg7 Be6 26.Nf4 Ra7 27.Nfxe6 Qb6 28.Nc6 Qb7 29.Ned8 Qa8
30.Bd4  1-0

[Event "Masters"]
[Site "Bunratty IRL"]
[Date "2006.02.19"]
[Round "5"]
[White "Baburin,A"]
[Black "Nunn,J"]
[Result "1-0"]
[WhiteElo "2511"]
[BlackElo "2617"]

1.d4 Nf6 2.c4 g6 3.Nf3 Bg7 4.g3 c6 5.Nc3 d5 6.cxd5 cxd5 7.Ne5 O-O 8.Bg2 e6
9.O-O Nfd7 10.f4 Nc6 11.Kh1 Nb6 12.b3 Bd7 13.Ba3 Re8 14.Rc1 f6 15.Nf3 f5
16.e3 Bf8 17.Bxf8 Rxf8 18.Ne5 Qe7 19.g4 fxg4 20.Qxg4 Rac8 21.Ne2 Nxe5 22.fxe5 Rxc1
23.Rxc1 Qb4 24.Nf4 Qd2 25.Rg1 Rf7 26.Qg3 Qc2 27.Nh5 Bc8 28.Qh4 Qf5 29.Nf6+ Kh8
30.e4  1-0

[Event "NH Hotels"]
[Site "Amsterdam NED"]
[Date "2006.08.21"]
[Round "3"]
[White "Karjakin,Sergey"]
[Black "Nunn,J"]
[Result "1/2-1/2"]
[WhiteElo "2679"]
[BlackElo "2617"]

1.e4 c5 2.Nf3 d6 3.d4 Nf6 4.Nc3 cxd4 5.Nxd4 a6 6.Be3 e5 7.Nb3 Be6 8.f3 Be7
9.Qd2 O-O 10.O-O-O Qc7 11.g4 Rc8 12.g5 Nh5 13.Kb1 Nd7 14.Qf2 b5 15.h4 Rcb8
16.f4 exf4 17.Bxf4 Nxf4 18.Qxf4 Ne5 19.Nd4 Bf8 20.h5 Re8 21.g6 h6 22.Nd5 Qb7
23.gxf7+ Nxf7 24.Nxe6 Rxe6 25.Bh3 Re5 26.Bf5 Be7 27.Bh7+ Kxh7 28.Qxf7 Rf8
29.Qg6+ Kh8 30.Rhf1 Qb8 31.a3 Qe8 32.Rxf8+ Qxf8 33.Qg4 Bg5 34.Nc3 Kh7 35.Qd7 Be7
36.Rd5 Qf1+ 37.Ka2 Qc4+ 38.Kb1 Qf1+  1/2-1/2

[Event "NH Hotels"]
[Site "Amsterdam NED"]
[Date "2006.08.23"]
[Round "5"]
[White "Stellwagen,D"]
[Black "Nunn,J"]
[Result "1/2-1/2"]
[WhiteElo "2575"]
[BlackElo "2617"]

1.e4 c5 2.Nf3 d6 3.d4 Nf6 4.Nc3 cxd4 5.Nxd4 a6 6.f4 e5 7.Nf3 Nbd7 8.a4 Be7
9.Bc4 Qa5 10.Qe2 O-O 11.O-O exf4 12.Bxf4 Ne5 13.Bxe5 dxe5 14.Kh1 Qc7 15.Nd5 Nxd5
16.Bxd5 Be6 17.Bxe6 fxe6 18.Rfd1 Rad8 19.Rd3 Rxd3 20.Qxd3 Rd8 21.Qb3 Rd6
22.c3 h6 23.h3 Bf6 24.Re1 Kh7 25.g3 Qc5 26.Kg2 b5 27.axb5 axb5 28.Rd1 Ra6
29.h4 Qc6 30.Re1 Ra4  1/2-1/2

[Event "NH Hotels"]
[Site "Amsterdam NED"]
[Date "2006.08.27"]
[Round "8"]
[White "Nunn,J"]
[Black "Karjakin,Sergey"]
[Result "1/2-1/2"]
[WhiteElo "2617"]
[BlackElo "2679"]

1.e4 c5 2.Nf3 d6 3.d4 cxd4 4.Nxd4 Nf6 5.Nc3 a6 6.Be3 e5 7.Nb3 Be6 8.f3 Nbd7
9.g4 Nb6 10.g5 Nh5 11.Qd2 Be7 12.O-O-O O-O 13.Rg1 Rc8 14.Kb1 g6 15.h4 Qc7
16.Qf2 Nc4 17.Bxc4 Qxc4 18.Na5 Qc7 19.Bb6 Qd7 20.Qd2 Nf4 21.Rh1 f5 22.gxf6 Rxf6
23.Be3 Rcf8 24.a3 Nh5 25.Nd5 Rxf3 26.Nxe7+ Qxe7 27.Bg5 Qc7 28.Qxd6 Qxd6 29.Rxd6 Rf1+
30.Rxf1 Rxf1+ 31.Bc1 Kf7 32.b4 Ng3 33.Nxb7 Ne2 34.Rxa6 Rxc1+ 35.Kb2 Rd1 36.b5 Ke7
37.Nc5 Bc8 38.Ra8 Rd8 39.b6 Nd4 40.a4 Nc6 41.a5 Rd6 42.Rxc8 Nxa5 43.Rc7+ Kd8
44.Nb7+ Nxb7 45.Rxb7 Kc8 46.Rxh7 Rxb6+ 47.Kc3 Rc6+ 48.Kd3 Rd6+ 49.Ke3 Rc6
50.Re7 Rxc2 51.Kf3 Rh2 52.Kg3 Rh1 53.Rxe5 Kd7 54.Kg4 Rg1+ 55.Kf4 Rg2 56.Ra5 Ke7
57.Ra7+ Kf6 58.Ra6+ Ke7 59.Ke5 Rg4 60.Ra7+ Kf8 61.Kf6 Rf4+ 62.Kxg6 Rxh4 63.e5 Ke8
64.Kf5  1/2-1/2

[Event "NH Hotels"]
[Site "Amsterdam NED"]
[Date "2006.08.28"]
[Round "9"]
[White "Smeets,J"]
[Black "Nunn,J"]
[Result "1-0"]
[WhiteElo "2532"]
[BlackElo "2617"]

1.e4 c5 2.Nf3 d6 3.d4 Nf6 4.Nc3 cxd4 5.Nxd4 a6 6.Be3 e5 7.Nb3 Be6 8.f3 Be7
9.Qd2 O-O 10.O-O-O Nbd7 11.g4 b5 12.g5 b4 13.Ne2 Ne8 14.h4 a5 15.Kb1 Nc7
16.f4 a4 17.Nbc1 Bg4 18.f5 d5 19.exd5 Bd6 20.f6 a3 21.b3 Re8 22.Rg1 Bf3 23.Bg2 Bxg2
24.Rxg2 Ra5 25.c4 bxc3 26.Nxc3 Bb4 27.d6 Nb5 28.N1e2 Ra6 29.Qd3 Nxc3+ 30.Nxc3 Rxd6
31.Nd5 e4 32.Qb5 Ne5 33.Ne7+ Rxe7 34.Rxd6 Bxd6 35.fxe7 Qxe7 36.Qd5 Nf3 37.Qa8+ Qf8
38.Qxe4  1-0

[Event "NH Hotels"]
[Site "Amsterdam NED"]
[Date "2006.08.29"]
[Round "10"]
[White "Nunn,J"]
[Black "Stellwagen,D"]
[Result "1/2-1/2"]
[WhiteElo "2617"]
[BlackElo "2575"]

1.e4 c5 2.Nf3 e6 3.d4 cxd4 4.Nxd4 a6 5.Nc3 Qc7 6.Bd3 Nc6 7.Nxc6 dxc6 8.O-O e5
9.f4 Nf6 10.Kh1 Bd6 11.f5 b5 12.a4 Rb8 13.axb5 axb5 14.Be3 Be7 15.Qf3 Bb7
16.Qg3 Kf8 17.Ba7 Ra8 18.Qf2  1/2-1/2